European Geography Ending In M - Statistics

General Stats
  • This quiz has been taken 344 times
  • The average score is 7 of 10
Answer Stats
Hint Answer % Correct
Capital of the Netherlands Amsterdam
100%
Capital of Sweden Stockholm
95%
Second largest city in the Netherlands Rotterdam
90%
Nation made up by 4 countries United Kingdom
86%
Second largest city in England Birmingham
84%
City known for being the home to Robin Hood Nottingham
78%
Country in Western Europe Belgium
77%
City in southwest Germany, on the Rhine and Neckar rivers Mannheim
32%
City outside of Amsterdam in the northwest Netherlands Haarlem
26%
Major land and sea transport link of Norway Trondheim
19%
No matching quizzes found
Score Distribution
Percent of People with Each Score
Percentile by Number Answered
Your Score History
You have not taken this quiz